00982nam a2200133 4500008000900000020001800009082001500027100002700042245003700069260008800106300003100194505052300225650010000748708 183r a9786079358389 a708bM183r aMadrigal, Miguel Angel aEl recuerdo de lo no transitado  aMéxicobGobierno del Estado de MorelosbSecretaría de Cultura de Morelos c2017 a160 p. billc23,5 x 17 cm tPresentacióntel espacio como incognita o posibilidad rSol Henarotlas columnas de invenciónrCarlos Palacios tel recuerdo de lo no transitado/ remembrance of the untraveled tsiluetas / silhouettes tciudad visible / visible citytme quiero ir en cuanto llego / i want to go as soon as i gettmiguel angel madrigal tlista de obras / lis of workstforeword tspace as the unknow or as possibility rSol Henaro tcolumns of invention rCarlos Palacios tcréditos y agradecimientos / credits and aknowledgments  xarte contemporáneo xarte - escultura xarte - arquitectura xarte - exhibiciones xMéxico